| 000 | 01429cgm a22003377a 4500 | ||
|---|---|---|---|
| 005 | 20140312122357.0 | ||
| 007 | vd cgaizm | ||
| 008 | 140312t1999 xxk93 g |||| 0| vleng d | ||
| 020 | _a5017239190582 | ||
| 082 | 0 | 4 |
_222 _a791.4372 _bMUS |
| 245 | 0 | 4 |
_aThe muse _h[videorecording] / _cOctober Films ; produced by Herb Nanas ; written by Albert Brooks & Monica Johnson ; directed by Albert Brooks. |
| 260 |
_a[London] : _bOctober Films, _cc.1999. |
||
| 300 |
_a1 videodisc (93 min.) : _bsd., col. ; _c4 3/4 in. |
||
| 508 | _aDirector of photography Thomas Ackerman ; editor Peter Teschner ; music composer Elton John. | ||
| 511 | _aSharon Stone, Jeff Bridges, Albert Brooks, Andie MacDowell. | ||
| 521 | _aParental guidance general viewing, but some scenes may be unsuitable for young children. | ||
| 650 | 0 |
_aMotion picture authorship _zUnited States _vDrama _935566 |
|
| 650 | 0 |
_aScreenwriters _zUnited States _vDrama _935567 |
|
| 653 |
_bGGEN _cMarch2014 |
||
| 700 | 1 |
_aStone, Sharon, _935568 _d1958- |
|
| 700 | 1 |
_aBridges, Jeff, _935569 _d1949- |
|
| 700 | 1 |
_aBrooks, Albert, _935570 _d1947- |
|
| 700 | 1 |
_aMacDowell, Andie, _935571 _d1958- |
|
| 700 | 1 |
_aJohn, Elton, _935572 _d1947- |
|
| 700 | 1 |
_aTeschner, Peter _935583 |
|
| 700 | 1 |
_aAckerman, Thomas E., _935574 _d1948- |
|
| 700 | 1 |
_aJohnson, Monica, _935575 _d1946-2010 |
|
| 700 | 1 |
_aNanas, Herb _935586 |
|
| 710 | 2 |
_aOctober Films _935587 |
|
| 942 |
_2ddc _cDISS _k791.4372 MUS |
||
| 999 |
_c18104 _d18076 |
||